Geschiedenis der Nederlandsche beroerten in de XVIe eeuw / (Record no. 18597)
[ view plain ]
| 000 -LEADER | |
|---|---|
| fixed length control field | 01335cam a22002411a 4500 |
| 001 - CONTROL NUMBER | |
| control field | d 01000120 |
| 003 - CONTROL NUMBER IDENTIFIER | |
| control field | DLC |
| 005 - DATE AND TIME OF LATEST TRANSACTION | |
| control field | 20260227111148.0 |
| 008 - FIXED-LENGTH DATA ELEMENTS--GENERAL INFORMATION | |
| fixed length control field | 830727m18651870ne b 001 0 dut |
| 010 ## - LIBRARY OF CONGRESS CONTROL NUMBER | |
| LC control number | d 01000120 |
| 035 ## - SYSTEM CONTROL NUMBER | |
| System control number | (OCoLC)9744820 |
| 040 ## - CATALOGING SOURCE | |
| Original cataloging agency | DLC |
| Transcribing agency | InGoM |
| Modifying agency | OCoLC |
| -- | UPB |
| -- | DLC |
| 050 00 - LIBRARY OF CONGRESS CALL NUMBER | |
| Classification number | DH186.5 |
| Item number | .N95 |
| 100 1# - MAIN ENTRY--PERSONAL NAME | |
| Personal name | Nuyens, W. J. F. |
| Fuller form of name | (Willem Jan Frans), |
| Dates associated with a name | 1823-1894. |
| 245 10 - TITLE STATEMENT | |
| Title | Geschiedenis der Nederlandsche beroerten in de XVIe eeuw / |
| Statement of responsibility, etc. | Door W. J. F. Nuyens. |
| 260 ## - PUBLICATION, DISTRIBUTION, ETC. | |
| Place of publication, distribution, etc. | Amsterdam : |
| Name of publisher, distributor, etc. | C.L. van Langenhuysen, |
| Date of publication, distribution, etc. | 1865-70. |
| 300 ## - PHYSICAL DESCRIPTION | |
| Extent | 8 v. in 4 ; |
| Dimensions | 23 cm. |
| 500 ## - GENERAL NOTE | |
| General note | Binder's title: Nederlandsche Beroerten. |
| 504 ## - BIBLIOGRAPHY, ETC. NOTE | |
| Bibliography, etc. note | Includes bibliographic references, errata and index. |
| 505 0# - FORMATTED CONTENTS NOTE | |
| Formatted contents note | 1. Geschiedenis van den oorsprong en het begin der Nederlandsche beroerten (1559-1567) -- 2. Geschiedenis van den opstand in de Nederlanden, van de komst van Alva tot aan de bevrediging van Gend (1567-1576) -- 3. Geschiedenis van den opstand in de Nederlanden, van de Gentsche bevrediging tot aan den dood van Willem van Oranje (Kalvinistische overheersching en katholieke reactie) (1576-1584) -- 4. Geschiedenis van de vorming van de republiek der zeven vereenigde provincien, (1584-1598). Each v. in 2 parts. |
| 651 #0 - SUBJECT ADDED ENTRY--GEOGRAPHIC NAME | |
| Geographic name | Netherlands |
| General subdivision | History |
| Chronological subdivision | Eighty Years' War, 1568-1648. |
| 740 0# - ADDED ENTRY--UNCONTROLLED RELATED/ANALYTICAL TITLE | |
| Uncontrolled related/analytical title | Nederlandsche Beroerten |
No items available.